LEADER 00655nam0-2200241 --450 001 9910509908303321 005 20211209113321.0 100 $a20211209d1858----kmuy0itay5050 ba 101 0 $ager 102 $aDE 105 $a 001yy 200 1 $aGriechische Grammatik$fvon Philipp Buttmann 205 $a18.$bverbesserte Ausg 210 $aBerlin$cDummler$d1858 215 $aVIII, 563 p.$d21 cm 700 1$aButtmann,$bPhilipp$f<1764-1829>$0259790 801 0$aIT$bUNINA$gREICAT$2UNIMARC 901 $aBK 912 $a9910509908303321 952 $a485 BUT$b20$fFLFBC 959 $aFLFBC 996 $aGriechische Grammatik$92520823 997 $aUNINA LEADER 03572oam 2200805 c 450 001 9910563199803321 005 20250513224747.0 024 7 $a10.3726/b13685 035 $a(CKB)5450000000173972 035 $a(oapen)https://directory.doabooks.org/handle/20.500.12854/32905 035 $a(PH02)9783631751312 035 $a(MiAaPQ)EBC31280388 035 $a(oapen)doab32905 035 $a(EXLCZ)995450000000173972 100 $a20240525d2018 uy 0 101 0 $ager 135 $aurnnunnnannuu 181 $ctxt$2rdacontent 182 $cc$2rdamedia 183 $acr$2rdacarrier 200 00$aEinkommensteuerreform oder Einkommensteuerersatz?$eAlternative Ansätze einer Reform der direkten Besteuerung unter besonderer Berücksichtigung steuerpraktischer Gesichtspunkte$fKlaus W. Zimmermann, Philip Jensch 205 $a1st, New ed. 210 $aFrankfurt a.M$cPH02$d2018 215 $a1 online resource (344 p.)$c, EB00 225 0 $aSchriften zur Wirtschaftstheorie und Wirtschaftspolitik$v30 300 $aPeter Lang GmbH, Internationaler Verlag der Wissenschaften 311 08$a3-631-75131-1 327 $aAus dem Inhalt: Steuertheoretische Grundlagen - Steuerrechtliche Bemessungsgrundlagen ausgewa?hlter Steuerreformvorschla?ge - Alternative Steuerreformvorschla?ge in einem problemorientierten steuerpraktischen Vergleich. 330 $aDie deutsche Einkommensteuer wird seit la?ngerer Zeit einhellig als zu kompliziert angesehen. Die vielen bislang durchgefu?hrten Steuerreformen haben daran nichts gea?ndert; eher ist das Gegenteil der Fall. Vor diesem Hintergrund und mit Blick auf die ju?ngere Diskussion um konsumorientierte Steuerreformen wird in dieser Arbeit untersucht, ob nicht eine Steuerpraxis, die sich sta?rker am reinvermo?genszugangstheoretischen Einkommensbegriff orientiert, steuerpraktisches Vereinfachungspotential bietet, oder ob sich Steuervereinfachungen besser durch Verfahren wie «Zinsbereinigte Einkommensteuer», Ausgabensteuer oder abgeltende Besteuerung von Kapitalertra?gen (als Form einer «Dualen Einkommensbesteuerung») erreichen lassen. Die Ero?rterungen basieren auf einer einfu?hrend dargestellten allgemeineren Grundlagensicht der Bestimmung steuerlicher Bemessungsgrundlagen. 606 $aEconomic theory & philosophy$2bicssc 606 $aMonetary economics$2bicssc 606 $aPolitical economy$2bicssc 610 $aAlternative 610 $aAnsätze 610 $aAusgabensteuer 610 $aBerücksichtigung 610 $abesonderer 610 $aBesteuerung 610 $aDeutsches Recht 610 $aDeutschland 610 $adirekten 610 $aeiner 610 $aEinkommensbesteuerung 610 $aEinkommensteuer 610 $aEinkommensteuerersatz? 610 $aEinkommensteuerreform 610 $aersatz? 610 $aGesichtspunkte 610 $aJensch 610 $aKonsumbesteuerung 610 $aoder 610 $aReform 610 $aSteuerlehre 610 $aSteuerpolitik 610 $asteuerpraktischer 610 $aSteuerreform 610 $aSteuerwirkung 610 $aunter 615 7$aEconomic theory & philosophy 615 7$aMonetary economics 615 7$aPolitical economy 700 $aJensch$b Philip$4auth$01282224 702 $aZimmermann$b Klaus W$4edt 702 $aJensch$b Philip$4aut 801 0$bPH02 801 1$bPH02 906 $aBOOK 912 $a9910563199803321 996 $aEinkommensteuerreform oder Einkommensteuerersatz$93018733 997 $aUNINA